Państwa graniczące z Polską - Statystyki

Ogólne statystyki
  • Ten quiz został rozwiązany 153 790 razy
  • Średni wynik to 7 z 7
Odpowiedzi na mapie
Odpowiedzi zakodowano w zielono-czerwonej skali na mapie do tego quizu, zgodnie z poniższymi procentami.
 
Statystyki odpowiedzi
Długość Kraj % Poprawnych
467 km Niemcy
99%
535 km Ukraina
99%
796 km Czechy
98%
210 km Rosja (Kaliningrad)
98%
418 km Białoruś
97%
104 km Litwa
97%
541 km Słowacja
97%
Nie znaleziono quizów pasujących do podanych kryteriów
Rozkład punktacji
Procent ludzi z każdym wynikiem
Percentyl według liczby udzielonych odpowiedzi
Twoja historia wyników
Nie rozwiązałeś tego quizu